ՀՀ Գիտությունների ազգային ակադեմիայի հիմնարար գիտական գրադարան  =   Fundamental Scientific Library of NAS RA

Вопросы профессиональной подготовки студентов на музыкально-педагогическом факультете : (Record no. 253600)

MARC details
000 -LEADER
fixed length control field 01363nam a2200229 a 4500
001 - CONTROL NUMBER
control field 000683726
003 - CONTROL NUMBER IDENTIFIER
control field AM-YeHGA
005 - DATE AND TIME OF LATEST TRANSACTION
control field 20250617142224.0
008 - FIXED-LENGTH DATA ELEMENTS--GENERAL INFORMATION
fixed length control field 090916s1985 ||| r 000 0 rus d
040 ## - CATALOGING SOURCE
Original cataloging agency AM-YeHGA
041 0# - LANGUAGE CODE
Language code of text/sound track or separate title rus
090 ## - LOCALLY ASSIGNED LC-TYPE CALL NUMBER (OCLC); LOCAL CALL NUMBER (RLIN)
-- 255199
245 00 - TITLE STATEMENT
Title Вопросы профессиональной подготовки студентов на музыкально-педагогическом факультете :
Remainder of title Межвузовский сборник научных трудов /
Statement of responsibility, etc. Моск. гос. пед. ин-т им. В. И. Ленина ; Отв. ред. Г. П. Стулова.
260 ## - PUBLICATION, DISTRIBUTION, ETC.
Place of publication, distribution, etc. Москва :
Name of publisher, distributor, etc. МГПИ им. В. И. Ленина,
Date of publication, distribution, etc. 1985.
300 ## - PHYSICAL DESCRIPTION
Extent 150 с. :
Other physical details ил., нот.
504 ## - BIBLIOGRAPHY, ETC. NOTE
Bibliography, etc. note Библиогр. в конце ст.
653 0# - INDEX TERM--UNCONTROLLED
Uncontrolled term Педагогические институты - Музыкально-педагогические факультеты - Организация преподавания - Сборники
653 0# - INDEX TERM--UNCONTROLLED
Uncontrolled term Учителя музыки - Подготовка - Сборники
653 0# - INDEX TERM--UNCONTROLLED
Uncontrolled term Музыка - Методика преподавания - Сборники
700 1# - ADDED ENTRY--PERSONAL NAME
Personal name Стулова, Г. П.
Relator term ред.
Relationship edt
710 2# - ADDED ENTRY--CORPORATE NAME
Corporate name or jurisdiction name as entry element Московский государственный педагогический институт имени В. И. Ленина
Holdings
Withdrawn status Lost status Damaged status Not for loan Collection Home library Current library Date acquired Total checkouts Full call number Barcode Date last seen Price effective from Koha item type Public note
        General Fundamental Scientific Library Fundamental Scientific Library 29/12/2016   PII/558071 FL0126517 29/12/2016 29/12/2016 Գրքեր / Books 30 Days Loan


ՀՀ ԳԱԱ հիմնարար գիտական գրադարան
ՀՀ,Երևան 0019
Մարշալ Բաղրամյան 24/6
հեռախոս:(374-10) 52-47-50
Հետադարձ կապ

All site content, except where otherwise noted, is licensed under a
Creative Commons License